000 00311nam a22001337a 4500
008 171030b xxu||||| |||| 00| 0 eng d
020 _a0130188476
041 _aeng
080 _a336
100 _a56
101 _aFIN
245 _aAGENCY PROBLEMS AND FINANCIAL CONTRACTING
_cBORNEA.A
942 _2udc
_cBK
999 _c36390
_d36390